| 000 | 01215nam a22002895a 4500 | ||
|---|---|---|---|
| 003 | OSt | ||
| 005 | 20170305125754.0 | ||
| 008 | 170226s2008 ua frb 000 0 ara d | ||
| 015 | _a2008 / 11165 | ||
| 020 | _a9789770456686 | ||
| 040 |
_aEG-ScBUE _bara _cEG-ScBUE |
||
| 043 |
_af-ua--- _ae-fr--- |
||
| 082 | 0 | 4 |
_222 _a342 _bع ب د |
| 100 | 1 | _aعبد المجيد، عزة مصطفى حسني. | |
| 245 | 1 | 0 |
_aمسئولية رئيس الدولة : _bدراسة مقارنة : النظام الفرنسي - النظام المصري - النظام الإسلامي / _cعزة مصطفى حسني عبد المجيد. |
| 260 |
_aالقاهرة : _bدار النهضة العربية، _c2008. |
||
| 300 |
_a701 ص. ؛ _c24 سم. |
||
| 504 | _aيشتمل على إرجاعات ببليوجرافية. | ||
| 650 | 7 |
_2BUEsh _a السلطة التنفيذية _zمصر. |
|
| 650 | 7 |
_a السلطة التنفيذية _zفرنسا _2BUEsh |
|
| 650 | 7 |
_aالقانون الدستوري _zمصر. _941131 _2BUEsh |
|
| 650 | 7 |
_aالقانون الدستوري _zفرنسا. _2BUEsh |
|
| 650 | 7 |
_aنظام الحكم في الإسلام. _916935 _2BUEsh |
|
| 651 | _2BUEsh | ||
| 653 |
_bLLAAWW _cMarch2017 |
||
| 942 | _2ddc | ||
| 999 |
_c24320 _d24292 |
||